ბათუმის შოთა რუსთაველის სახელმწიფო უნივერსიტეტის ბიბლიოთეკა

Food,Agri-Culture an Tourism (ბიბ.ჩანაწერი № 45443)

000 -LEADER
fixed length control field 00597nam a2200229Ia 4500
001 - CONTROL NUMBER
control field 12267
003 - CONTROL NUMBER IDENTIFIER
control field GE_BSU
008 - FIXED-LENGTH DATA ELEMENTS--GENERAL INFORMATION
fixed length control field 181216s||||||||xx |||||||||||||| ||und||
020 ## - INTERNATIONAL STANDARD BOOK NUMBER
International Standard Book Number 9783642113614
040 ## - CATALOGING SOURCE
Transcribing agency GE_BSU
080 ## - UNIVERSAL DECIMAL CLASSIFICATION NUMBER
Universal Decimal Classification number 631.1+338.48
100 ## - MAIN ENTRY--PERSONAL NAME
Personal name Sidali, Laura Achim Spiller
245 ## - TITLE STATEMENT
Title Food,Agri-Culture an Tourism
245 ## - TITLE STATEMENT
Remainder of title Linking Local gastronomy and rural tourism
260 ## - PUBLICATION, DISTRIBUTION, ETC.
Place of publication, distribution, etc. London
260 ## - PUBLICATION, DISTRIBUTION, ETC.
Date of publication, distribution, etc. 2011
300 ## - PHYSICAL DESCRIPTION
Extent 197p.ill.24cm.
653 ## - INDEX TERM--UNCONTROLLED
Uncontrolled term Food,Agri-Culture an Tourism
653 ## - INDEX TERM--UNCONTROLLED
Uncontrolled term Linking Local gastronomy and rural tourism
942 ## - ADDED ENTRY ELEMENTS (KOHA)
Koha item type წიგნი
ეგზემპლარები
Withdrawn status Lost status Damaged status Not for loan Date acquired Barcode Date last seen Price effective from Koha item type
        2018-12-17 36177 2018-12-17 2018-12-17 წიგნი